| 000 | 00367nam a22001337a 4500 | ||
|---|---|---|---|
| 003 | OSt | ||
| 005 | 20251030061854.0 | ||
| 008 | 251030b |||||||| |||| 00| 0 eng d | ||
| 040 | _cTHAMES AND HUDSON | ||
| 050 | _aBM 50 .U57 1991 | ||
| 245 |
_aDICTIONARY OF JEWISH _b LORE & LEGEND _cUNTERMAN, ALAN |
||
| 260 |
_aNEW YORK _bTHAMES AND HUDSON LTD _c1991 |
||
| 942 |
_2lcc _cBK _n0 |
||
| 999 |
_c9737 _d9737 |
||